Présidents de la Tunisie - Statistiques

Statistiques générales
  • Ce quiz a été pris 574 fois
  • Le résultat moyen est 4 sur 5
Statistiques - réponses
Hint Réponse % Correct
1987 - 2011 Zine el-Abidine Ben Ali
98%
1956 - 1987 Habib Bourguiba
88%
2019 - Kaïs Saïed
72%
2011 - 2014 Moncef Marzouki
62%
2014 - 2019 Béji Caïd Essebsi
54%
Aucun quiz correspondant
Distribution des résultats
% des personnes avec chaque résultat
Percentile par nombre de réponses
Votre historique - résultats
Vous n’avez pas pris ce quiz